000
00205 a2200097 4500
001
44079
100
_a
Bryant A
245
_a
Years of victory 1802-1812
260
_a
_b
Collins
_c
090
_c
27825
_d
27825
942
_a
NUST-CAE
_c
M
_c
19808
999
_c
279152
_d
279152